000 00635nam a2200193Ia 4500
003 GCL
008 140319s9999 xx 000 0 ara d
040 _aGCL /
_cGCL
082 0 4 _a247.1
_bا ن
100 1 _aاحمد محمود صبحى
245 1 0 _aنظرية الامامة لدى الشيعة الاثنى عشرية تحليل فلسفى للعقيدة /
_cاحمد محمود صبحى
300 _a52 ص
490 _a
650 0 4 _aالفلسفة الاسلامية
650 0 4 _aالامامة عند الشيعة
650 0 4 _aعلم الكلام
650 0 4 _aالشيعة الاثنى عشرية
942 _2ddc
_cBK
999 _c37537
_d37537